Slovenská spoločnosť úspešná na zahraničných trhoch pôsobiaca vo virtuálnom priestore bakalárska práca

Salvato in:
Dettagli Bibliografici
Autore principale: Ondáková, Natália
Ente Autore: Obchodná fakulta EU. Katedra informatiky obchodných firiem
Altri autori: Pólya, Attila
Natura: Libro
Lingua:slovacco
Pubblicazione: Bratislava 2017
Tags: Aggiungi Tag
Nessun Tag, puoi essere il primo ad aggiungerne!!

MARC

LEADER 00000nbm a2200000 4500
001 0232813
005 20171003100827.4
041 0 |a slo 
044 |a SK 
245 1 0 |a Slovenská spoločnosť úspešná na zahraničných trhoch pôsobiaca vo virtuálnom priestore  |b bakalárska práca  |c Natália Ondáková ; školiteľ: Attila Pólya 
264 1 |a Bratislava  |c 2017 
300 |a 40 s. 
100 1 |a Ondáková, Natália 
700 1 |a Pólya, Attila 
710 2 |a Obchodná fakulta EU. Katedra informatiky obchodných firiem